مكتبة جامعة عجلون الوطنية

فهرس بحث المكتبة

Normal view MARC view
  • الأطفال المعوقون-تعليم. التعليم الخاص

Entry Topical Term

Number of records used in: 1

001 - CONTROL NUMBER

  • control field: 22821

003 - CONTROL NUMBER IDENTIFIER

  • control field: JO-AjAnu

005 - DATE AND TIME OF LATEST TRANSACTION

  • control field: 20230606073931.0

008 - FIXED-LENGTH DATA ELEMENTS

  • fixed length control field: 230606|| aca||aabn | a|a d

040 ## - CATALOGING SOURCE

  • Original cataloging agency: JO-AjAnu
  • Transcribing agency: JO-AjAnu

150 ## - HEADING--TOPICAL TERM

  • Topical term or geographic name entry element: الأطفال المعوقون-تعليم. التعليم الخاص

670 ## - SOURCE DATA FOUND

  • Source citation: Work cat.: (JO-AjAnu)11730: سيسالم،كمال محمد مؤلف/الراميني،فواز فتح الله مراجع لغوي, author 22820, الدمج في مدارس التعليم العام وفصوله